Loading...
New panchayati raj system at work : an evaluation
| Main Author: | |
|---|---|
| Format: | Printed Book |
| Language: | Undetermined English |
| Published: |
New Delhi
Concept Publishing Company
1999
|
| Subjects: |
| LEADER | 00623nam a2200193Ia 4500 | ||
|---|---|---|---|
| 008 | 140306s9999 xx 000 0 und d | ||
| 020 | |a 8170227674 | ||
| 041 | |a eng | ||
| 082 | |a 306.2 |b PAL/NE | ||
| 100 | |a Palanithurai, G | ||
| 245 | |a New panchayati raj system at work : an evaluation | ||
| 260 | |a New Delhi |b Concept Publishing Company |c 1999 | ||
| 300 | |a 260 | ||
| 365 | |b Rs.350 | ||
| 650 | |a District panchayat | ||
| 650 | |a Grampanchayat | ||
| 942 | |2 ddc |c BK | ||
| 999 | |c 185650 |d 185650 | ||
| 952 | |0 0 |1 0 |2 ddc |4 0 |6 306_200000000000000_PAL_NE |7 0 |9 191544 |a KAUCBV |b KAUCBV |d 2004-11-03 |g 350.00 |o 306.2 PAL/NE |r 2014-03-22 |w 2014-03-22 |y BK | ||